000 00590nam a2200193Ia 4500
005 20250508151500.0
008 008 250505s9999 xx 000 0 eng d
037 _aTextual
040 _aFEDL
_beng
_cFEDL
041 _aeng
_2eng
084 _a375.15, JER
_qFEDL
100 _aJersild Arthur T
245 0 _aEducation for self-understanding the role of psychology in the high school program
260 _aNew York, USA
_bTeachers College
_c1953
300 _aix,53p.
700 _a Helfant Kenneth
_9759245
942 _cTEXL
_h375.15, JER
999 _c1330094
_d1330094